000 01303cam a22003617a 4500
003 CHAP
005 20220329141916.0
008 980525d1998 mx r 00110 spa d
010 _a75583
011 _a76555
035 _a86140
040 _cCHAP
090 _aTesis
100 0 0 _aBautista Reséndiz, Silvano.
_910949
245 1 0 _aFenología del escapo floral de gerbera (Gerbera jamesonii H. Bolus) en condiciones de invernadero
_c/por Silvano Bautista Reséndiz
260 _aChapingo, Méx. :
_bEl autor,
_c1998.
300 _a69 h. :
_bgráfs.
502 _aTesis (Ing. Agr. Esp. en Fitotecnia) -- UACH. Departamento de Fitotecnia
590 _aALEPH
_b10
_c20130110
_lUCH01
_h1424
590 _aBATCH-UPD
_b10
_c20130110
_lUCH01
_h1824
590 _aBATCH-UPD
_b10
_c20130410
_lUCH01
_h1157
590 _aBATCH-UPD
_b10
_c20130914
_lUCH01
_h1129
590 _aCONVERSION
_b10
_c20130109
_lUCH01
_h1341
650 1 4 _aCultivos en invernadero.
_930376
650 1 4 _aFenología.
_940043
650 1 4 _aGerbera
_xEfecto del medio ambiente.
_947714
901 _aBK
905 _aLilia Sánchez G.
942 _cFOLL
949 _bBC
_cTES
_d33724000589446
_eTS2
_fc.2
_h32689
_i86140
_si
949 _bBC
_cTES
_d33724000759098
_eTS2
_fc.3
_h35556
_i86140
_si
949 _bBC
_cTES
_d861401
_eTS1
_h32688
_i86140
_sb
999 _c75583
_d75583